Welcome to the Holygrace Academy Library

Please use search bar below to get started

ENCYCLOPEDIA OF BRITISH WRITERS (Record no. 1778)

MARC details
000 -LEADER
fixed length control field 00358nam a22001457a 4500
020 ## - INTERNATIONAL STANDARD BOOK NUMBER
ISBN 978-81-309-1412-1
082 ## - DEWEY DECIMAL CLASSIFICATION NUMBER
Classification number 030
Item number KRU/E
100 ## - MAIN ENTRY--AUTHOR NAME
Personal name KRUGGER, CHRISTINE
245 ## - TITLE STATEMENT
Title ENCYCLOPEDIA OF BRITISH WRITERS
Remainder of title 19 TH CENTURE
250 ## - EDITION STATEMENT
Edition statement INDIAN EDITION
260 ## - PUBLICATION, DISTRIBUTION, ETC. (IMPRINT)
Place of publication DELHI
Name of publisher VIVA BOOKS
Year of publication 2010
300 ## - PHYSICAL DESCRIPTION
Number of Pages 398
650 ## - SUBJECT ADDED ENTRY--TOPICAL TERM
Topical Term ENCYCLOPEDIA
Geographic subdivision INDIA
942 ## - ADDED ENTRY ELEMENTS (KOHA)
Koha item type Books
Holdings
Withdrawn status Lost status Collection code Home library Current library Shelving location Date acquired Source of acquisition Cost, normal purchase price Full call number Accession Number Koha item type
    Reference Main Library Main Library SHELF 1-B DICTIONARIES& ENCYCLOPEDIAS 12/05/2016 purchase 1995.00 030 KRU/E 04308 Books
    Reference Main Library Main Library SHELF 1-B DICTIONARIES& ENCYCLOPEDIAS 11/10/2012 purchase 1995.00 030 KRU/E 03419 Books